Gaming Quiz

Random Gaming or Pokémon Quiz

Fully-evolved starter Pokémon Quiz Stats

 Plays Quiz not verified by Sporcle

Support Sporcle.
Go Orange.
Score 0/15 Timer 05:00
0 Plays Today
Type Pokémon % Correct
FireCharizard
97.6%
WaterBlastoise
96.4%
GrassVenusaur
83.1%
FireInfernape
79.5%
FireBlaziken
77.1%
FireTyphlosion
75.9%
WaterSwampert
72.3%
GrassTorterra
72.3%
Type Pokémon % Correct
GrassMeganium
71.1%
WaterFeraligatr
69.9%
WaterEmpoleon
69.9%
GrassSceptile
68.7%
FireEmboar
62.7%
WaterSamurott
57.8%
GrassSerperior
56.6%

You're not logged in!

Compare scores with friends on all Sporcle quizzes.
OR
Log In

From the Vault

Sahara Desert Country Click

by Flick

Clicking your way across the Sahara is much easier than traveling by camel.
Remove Ads.
Support Sporcle.
Get the best of Sporcle when you Go Orange. This ad-free experience offers more features, more stats, and more fun while also helping to support Sporcle. Thank you for becoming a member.

Show Comments

Extras

Created Mar 1, 2011ReportNominate
Tags:Pokémon Quiz

Top Quizzes Today


Score Distribution

Your Account Isn't Verified!

In order to create a playlist on Sporcle, you need to verify the email address you used during registration. Go to your Sporcle Settings to finish the process.

Report this User

Report this user for behavior that violates our Community Guidelines.

Details: